Normal view
MARC view
Entry Topical Term
001 - CONTROL NUMBER
- control field: 5737
003 - CONTROL NUMBER IDENTIFIER
- control field: BD-RjUL
005 - DATE AND TIME OF LATEST TRANSACTION
- control field: 20221106152641.0
008 - FIXED-LENGTH DATA ELEMENTS
- fixed length control field: 221106|| aca||aabn | a|a d
040 ## - CATALOGING SOURCE
- Original cataloging agency: BD-RjUL
- Transcribing agency: BD-RjUL
150 ## - HEADING--TOPICAL TERM
- Topical term or geographic name entry element: বাংলা সাহিত্য
- General subdivision: সাময়িকপত্র
- Chronological subdivision: (১৯১৪-১৯৩১)
670 ## - SOURCE DATA FOUND
- Source citation: Work cat.: (BD-RjUL)80723: আলী, মো: ইব্রাহিম 5736, বাংলা সাময়িকপত্রে প্রগতি চেতনা (১৯১৪-১৯৩১), ২০০৭